| 000 | 00348nam a22001457a 4500 | ||
|---|---|---|---|
| 003 | SGT | ||
| 020 | _a 9788173912030 | ||
| 082 |
_a070 _bF11C |
||
| 100 | _aCHAUHAN, SWATI | ||
| 245 | _aFOUNDATIONS OF NEWS AND JOURNALISM | ||
| 260 |
_aNEW DELHI _bKanishka Publishing House _c2011 |
||
| 300 | _a324 | ||
| 650 | _aMASS COMMUNICATION | ||
| 942 |
_2ddc _cBK |
||
| 999 |
_c13060 _d13060 |
||